000
00220nam a22000857a 4500
008
170208b xxu||||| |||| 00| 0 eng d
100
_9
2807
_a
Jain.L.M
245
_a
Scheme of Training(Guide wing)
260
_a
New Delhi
_b
SB
_c
2014
999
_c
6022
_d
6022